Diccionario de sinónimos y antónimos : (Registro nro. 11604)

Detalles MARC
000 -LIDER
fixed length control field 01156cam a22003493a 4500
001 - NÚMERO DE CONTROL
Identificador de número de control 0000730
003 - IDENTIFICACDOR DE NÚMERO DE CONTROL
control field DO-SdBNP
005 - DATE AND TIME OF LATEST TRANSACTION
control field 20220608101806.0
007 - CAMPOS FIJOS DE DESCRIPCIÓN FÍSICA
fixed length control field 0000730
008 - ELEMENTOS DE LONGITUD FIJA
fixed length control field 861112 1993 sp 000 0 spa d
010 ## - NUMERO DE CONTROL DE BIBLIOTECA DEL CONGRESO
LC control number
020 ## - ISBN
International Standard Book Number 8477510474
040 ## - FUENTE DE CATALOGACIÓN
Agencia que crea de manera original el registro BPMSU
Agencia que realiza la transcripción spa
Agencia que realiza la modificación BPMSU
--
082 ## - NÚMERO DE CLASIFICACIÓN DECIMAL DE DEWEY
Classification number R463.2
Edition number D545s.19
245 00 - MENCIÓN DE TITULO
Título Diccionario de sinónimos y antónimos :
Subtítulo y sinónimos en inglés /
Mención de responsabilidad María de las Viñas García Criado..[et al]
260 ## - PUBLICACIÓN, DISTRIBUCIÓN, ETC. (PIE DE IMPRENTA)
Lugar de publicación, distribución, etc Barcelona, España :
Nombre del editor, distribuidor, etc. Planeta internacional,
Fecha de publicación, distribución, etc [1993].
300 ## - DESCRIPCIÓN FÍSICA
Extensión 373 p. :
Dimensiones 26 cm.
490 0# - MENCIÓN DE SERIES
Mención de serie Consultor didáctico
505 2# - NOTA DE CONTENIDO
Título Diccionario español de sinónimos --
-- Diccionario español de antónimos --
-- Diccionario ingles de sinónimos --
-- Gramática española --
590 ## - NOTA LOCAL
Enlace Inventariado, 2022/VM
600 00 - ENCABEZAMIENTO DE MATERIA--NOMBRE PERSONAL
Nombre personal
Subdivisión temática general
650 #4 - ENCABEZAMIENTO DE MATERIA--TEMÁTICO
Término temático o nombre geográfico como elemento de entrada Español
Subdivisión temática general Inglés.
Subdivisión de forma Diccionarios
650 #4 - ENCABEZAMIENTO DE MATERIA--TEMÁTICO
Término temático o nombre geográfico como elemento de entrada Inglés
Subdivisión temática general Español.
Subdivisión de forma Diccionarios
700 1# - ASIENTO SECUNDARIO -- NOMBRE PERSONAL
Nombre personal García Criado, María de las Viñas
700 1# - ASIENTO SECUNDARIO -- NOMBRE PERSONAL
Nombre personal Preminguer Roig, Nuria
700 1# - ASIENTO SECUNDARIO -- NOMBRE PERSONAL
Nombre personal Prendergast, W. David
700 1# - ASIENTO SECUNDARIO -- NOMBRE PERSONAL
Nombre personal Fabregat Pla, Joan
700 1# - ASIENTO SECUNDARIO -- NOMBRE PERSONAL
Nombre personal Huguet Boren, José
710 2# - ASIENTO SECUNDARIO -- NOMBRE CORPORATIVO
Nombre corporativo o de jurisdicción Planeta
910 ## - VALIDACIÓN
Validación VMateo V
942 ## - ADDED ENTRY ELEMENTS (KOHA)
Source of classification or shelving scheme Dewey Decimal Classification
Koha item type Libros
Existencias
Withdrawn status Lost status Source of classification or shelving scheme Damaged status Not for loan Collection code Home library Current library Date acquired Source of acquisition Full call number Barcode Date last seen Price effective from Koha item type
    Dewey Decimal Classification     Colección General Biblioteca Pública Metropolitana Salomé Ureña Biblioteca Pública Metropolitana Salomé Ureña 10/19/2016 Donado por la Agencia de cooperación internacional de Japón BPMSU CGR R463.2 D545s BPMSU16100257 10/19/2016 10/19/2016 Libros